LEADER 01206nam a2200265 u 4500 001 000000001847 003 CaOOAMICUS 005 20070226104346.0 008 940920m19581959fr afh u000 u fre u 035 $a10046146 040 $aPUL(R)$bita 100 1 $aDoresse, Jean,$d1917-$0(OLS)http://pul/name/2012 245 14$aLes livres secrets des gnostiques d'Égypte /$cJean Doresse. 260 $aParis :$bPlon,$c1958-1959. 300 $a2 v. :$bill., tav., facs. ;$c20 cm 505 0 $a1. Introduction aux écrits gnostiques coptes découverts à Khénoboskion -- 2. L'Evangile selon Thomas ou Les paroles secrètes de Jésus. 650 0$aGnosticism.$2//eng$0(OLS)http://pul/subject/1754 850 $aPUL 852 $aPUL$W1$xSL Religione 1$y3$m1 D 25$j2455$nBK-PRI$b $qStampati$B2455$CPULBib$Z2$F2455 $H $81 852 $aPUL$W1$xDP1 Fondo Cecchetti$y53$m269 G 13$j2456$nBK-PRI$b $qFondi$B2456$CPULBib$Z2$F2456 $HPUL2863 $81 941 1 $a8 941 1 $a1 961 $aINV: 19433 996 $6245$aLes livres secrets des gnostiques d'Égypte$9(OLS)http://pul/title/2777 996 $6260$aParis :$bPlon$9(OLS)http://pul/publisher/48555 LEADER 01291nam a2200313 u 4500 001 000000065916 003 CaOOAMICUS 005 20150618162233.0 008 011218s1982 it u000 u ita u 035 $a10914575 040 $aPUL(R)$bita 100 1 $aCardaropoli, Gerardo,$cO.F.M.,$d1924-$0(OLS)http://pul/name/5989 245 13$aLa pastorale come mediazione salvifica /$cGerardo Cardaropoli. 260 $aAssisi :$bCittadella,$cc1982. 300 $a304 p.$c22 cm 490 1 $aPastorale/Strumenti 504 $aBibliografia: p. 304. 650 4$aTeologia pastorale.$0(OLS)http://pul/subject/1301 830 0$aPastorale/Strumenti.$0(OLS)http://pul/title/68965 850 $aPUL 852 $aPUL$W1$xSL Religione 2$y84$mRH E 11$j85263$nBK-PRI$b $qStampati altre collocazioni$B85263$CPULBib$Z2$F85263 $H $81 852 $aPUL$W1$xDP1 Fondo S. Lanza$y121$m3 C 28$j115085$qFondi$B166808$CPULBib$Z2$F166808 $HLAN669 $82 941 1 $a10 941 1 $a1 960 $aPastorale$91301 961 $aINV: 66350 961 $aNota ms. di possesso: Sergio Lanza 996 $6245$aLa pastorale come mediazione salvifica$9(OLS)http://pul/title/87597 996 $6260$aAssisi :$bCittadella$9(OLS)http://pul/publisher/49668